000
00221 a2200097 4500
020
_a
9786071121257
041
_a
spa
100
_a
Rosado, yordi
245
_a
Renuncio Tengo un hijo Adolescente y no se que hacer
942
_c
BK
999
_c
9058
_d
9058